| 000 | 00385cam a2200157 i 4500 | ||
|---|---|---|---|
| 020 | _a0070249237 | ||
| 050 | 0 | 0 |
_aTK 7816 _b.G75 1977 |
| 100 | 1 | _aGrob, Bernard. | |
| 245 | 1 | 0 |
_aBasic electronics / _cBernard Grob. |
| 250 | _a4th ed. | ||
| 260 |
_aNew York : _bGregg Division, _cc1977. |
||
| 300 | _a, 768 p. : | ||
| 500 | _aIncludes index. | ||
| 650 | 0 | _bElectronics | |
| 942 |
_2lcc _cGEN |
||
| 999 |
_c6831 _d6831 |
||